Commentarius litteralis et moralis in omnes Epistolas Sancti Pauli Apostoli, et in septem Epistolas Catholicas

Detalles Bibliográficos
Autor principal: Alexandre, Nöel 1639-1724
Formato: Libro
Lenguaje:Latin
Publicado: Venetiis 1768-1769
Materias:
Colección:Banco de datos
Acervo:Biblioteca de la Congregación del Oratorio de San Felipe Neri de México. Iglesia La Profesa
Descripción Física:2 t. f°
Tema general:Biblia
Notas:Portada tipográfica con viñeta y pleca en grabado xilográfico. Texto a dos columnas con apostillas marginales. Incluyen capitulares floreada en grabado xilográfico. Cada tomo con portada y numeración propias. Año de los t. 1-2 publicados en 1768. Paginación: t. 1 VII, 339 p.; t. 2 200 p. Encuadernación en pergamino sobre cartón. Sello en tinta del Oratorio de San Felipe Neri de México. Biblioteca La Profesa, D.F. Daños en la encuadernación
LEADER 01340nam a22001930004500
035 |a 1630 
041 0 |a lat 
100 1 |a Alexandre, Nöel  |d 1639-1724 
245 1 0 |a Commentarius litteralis et moralis in omnes Epistolas Sancti Pauli Apostoli, et in septem Epistolas Catholicas  |c auctore R. P. F. Natali Alexandro, in sacra facultate parisiensi Doctore, in Collegio generali parisiensi FF. PP. emerito theologiae professore, & studii regente, dominicanae provinciae parisiensis exprefecto  
260 |a Venetiis  |b apud Thomam Bettinelli  |c 1768-1769 
300 |a 2 t.  |c f° 
500 |a Portada tipográfica con viñeta y pleca en grabado xilográfico. Texto a dos columnas con apostillas marginales. Incluyen capitulares floreada en grabado xilográfico. Cada tomo con portada y numeración propias. Año de los t. 1-2 publicados en 1768. Paginación: t. 1 VII, 339 p.; t. 2 200 p. Encuadernación en pergamino sobre cartón. Sello en tinta del Oratorio de San Felipe Neri de México. Biblioteca La Profesa, D.F. Daños en la encuadernación 
501 |a 2 obras 
504 |a Índice de cosas y términos 
650 1 0 |a Biblia 
949 |a Iglesia La Profesa, Biblioteca t. 1 (2797-A); t. 2 (2797-B) 
942 |c PROFESA 
943 |g Biblioteca de la Congregación del Oratorio de San Felipe Neri de México. Iglesia La Profesa 
999 |c 948441  |d 948441